000 00443nam a2200169Ia 4500
003 GCL
008 140319s9999 xx 000 0 eng d
040 _aGCL /
_cGCL
082 0 4 _a331.3
_bW G
100 1 _aWINEFIELD, ANTHONY H.
245 1 0 _aGROWING UP WITH UNEMPLOYMENT /
_cWINEFIELD, ANTHONY H.
260 _a[S.N] :
_bROUTLEDGE ،
_c1993
300 _a200 PP
650 0 4 _aYOUTH EMPLOYMENT
650 0 4 _aYOUNG ADULTS
942 _2ddc
_cBK
999 _c18212
_d18212